000 00351nam a2200145Ia 4500
008 230711s9999||||xx |||||||||||||| ||und||
041 _aENG
082 _a621
_bRU-M
100 _aRusinoff,S.E.
245 0 _aManufacturing process
250 _a1st . Ed.
260 _c1971
_aBombay
_bThe Times of India
650 _aMechanical Engineering
942 _cBK
999 _c928
_d928